Dano Drevo - všetky postavy (part 4) - Statistics

General Stats
  • This quiz has been taken 18 times
  • The average score is 4 of 16
Answer Stats
Picture Answer % Correct
Dneper
73%
Americký drak Kokotovič
64%
Slovenský ľudový drak Kokotleba
55%
Dušan
27%
Miro
27%
Arpád Mosonmagyar
18%
Ferenc Pereszlényi
18%
Latinský drak Kokotíčus
18%
pán Bizub
18%
Pedrova matka
18%
stará bútľavá vŕba Kovačevičová
18%
Starček
18%
Uršuľa
18%
Béla Kolozsvár
9%
Jurko
9%
Paľko
9%
No matching quizzes found
Score Distribution
Percent of People with Each Score
Percentile by Number Answered
Your Score History
You have not taken this quiz